000 00462nam a2200181Ia 4500
999 _c5666
_d5666
008 200103s 2001 ||||xx |||||||||||||| ||und||
020 _a9788181475190
082 _a623.82
_bEYR
100 _aEyres, D. J.
245 0 _aShip construction
250 _a5th ed.
260 _bElsevier
_c2001
_aNew Delhi
300 _avi, 354p.
650 _aMaterials and strength of ships
650 _aShipyard practice
650 _aShip structure
942 _cBK